000 00578cam a2200193 i 4500
020 _a9789251075951
020 _a9251075956
040 _cNLM
082 0 4 _a641 FAO 2013 C146 Or.
100 1 _aHuis, Arnold van,
245 1 0 _aEdible insects :
_bfuture prospects for food and feed security /
300 _axvi, 187 pages :
_billustrations (some color) ;
_c30 cm.
490 1 _aFAO forestry paper,
650 0 _aEdible insects.
650 0 _aEntomophagy.
650 0 _aFood security.
710 2 _aFood and Agriculture Organization of the United Nations,
942 _cAEDBB
999 _c21030
_d21030